Stochastic stability and control /

Guardado en:
Autor Principal: Kushner, Harold J. 1933-
Formato: Libro
Idioma:English
Publicado: New York : Academic Press, 1967.
Series:Mathematics in science and engineering ; v. 33
Materias:
Etiquetas: Agregar Etiqueta
Sin Etiquetas, Sea el primero en etiquetar este registro!
LEADER 00773cam a22002295a 4500
001 MAT.inmabb005060
008 840619s1967####nyu######b####001#0#eng##
005 20160614125151.0
245 1 0 |a Stochastic stability and control /  |c Harold J. Kushner. 
260 |a New York :  |b Academic Press,  |c 1967. 
300 |a xiv, 161 p. ;  |c 24 cm. 
440 0 |a Mathematics in science and engineering ;  |v v. 33 
504 |a Incluye referencias bibliográfica (p. 153-158) e índices. 
510 4 |a MR,  |c 35 #7723 
100 1 |a Kushner, Harold J.  |q (Harold Joseph),  |d 1933- 
650 0 |a Control theory. 
650 0 |a Lyapunov functions. 
650 0 |a Markov processes. 
084 |a 93Exx  |2 msc2000 
010 |a  67019845  
040 |a DLC/ICU  |c ICU  |d DLC 
859 |h 93  |i K97s  |p A-2580  |b BIB. MATEMATICA